Catálogo
 En Linea

Secret tips to succeed in a resident training program / (Registro nro. 37724)

Detalles MARC
000 -CABECERA
campo de control de longitud fija 00482nam a2200145 a 4500
001 - NÚMERO DE CONTROL
campo de control 000038234
005 - FECHA Y HORA DE LA ÚLTIMA TRANSACCIÓN
campo de control 20201002031215.0
008 - DATOS DE LONGITUD FIJA--INFORMACIÓN GENERAL
campo de control de longitud fija 130405s1996 xxu 000 0 spa d
040 ## - FUENTE DE LA CATALOGACIÓN
Centro catalogador/agencia de origen DO-SdBNP
Lengua de catalogación spa
Centro/agencia transcriptor BNPHU
041 17 - CÓDIGO DE LENGUA
Código de lengua del texto/banda sonora o título independiente spa
Código de lengua del sumario o resumen eng
100 1# - ENTRADA PRINCIPAL--NOMBRE DE PERSONA
Nombre de persona Torres Veras, Mayobanex A.
9 (RLIN) 40387
245 10 - MENCIÓN DE TÍTULO
Título Secret tips to succeed in a resident training program /
Mención de responsabilidad, etc. Mayobanex A. Torres Veras.
260 ## - PUBLICACIÓN, DISTRIBUCIÓN, ETC.
Lugar de publicación, distribución, etc. New York, EE. UU. :
Nombre del editor, distribuidor, etc. Fénix Promotions & Advertinding,
Fecha de publicación, distribución, etc. 1996.
300 ## - DESCRIPCIÓN FÍSICA
Extensión 209 p. ;
Dimensiones 22 cm.
Existencias
Estado de retiro Estado de pérdida Restricciones de uso No para préstamo Código de colección Localización permanente Ubicación/localización actual Ubicación en estantería Fecha de adquisición Número de inventario Total de préstamos Signatura topográfica completa Código de barras Fecha visto por última vez Precio válido a partir de Tipo de ítem Koha Número de copia
      Excluido de préstamo Monografías: Libros y Folletos General General En catalogación 05.04.2013 LF1   38234-10 25.06.2020 25.06.2020 No se presta  
      Excluido de préstamo Monografías: Libros y Folletos General General En catalogación 05.04.2013 LF1   38234-20 25.06.2020 25.06.2020 No se presta e. 2

Con tecnología Koha